000 02403nam a2200397 i 4500
001 ebr10801903
003 CaPaEBR
006 m o d
007 cr cn|||||||||
008 100624t20112011njua obf 000 0 eng|d
020 _z9781556429125 (alk. paper)
020 _a9781617117411 (e-book)
040 _aCaPaEBR
_beng
_erda
_epn
_cCaPaEBR
035 _a(OCoLC)874967758
050 1 4 _aRC939
_b.M87 2011eb
082 0 4 _a617.5/72
_222
245 0 0 _aMusculoskeletal examination of the shoulder :
_bmaking the complex simple /
_ceditor, Steven B. Cohen.
264 1 _aThorofare, NJ :
_bSLACK Incorporated,
_c[2011]
264 4 _c�2011
300 _a1 online resource (230 pages) :
_billustrations.
336 _atext
_2rdacontent
337 _acomputer
_2rdamedia
338 _aonline resource
_2rdacarrier
440 0 _aMusculoskeletal examination : making the complex simple series
504 _aIncludes bibliographical references.
505 0 _aPE of the shoulder : the basics and specific tests / Scott Montgomery and Misty Suri -- General imaging of the shoulder / George Paul Hobbs, Conor P. Shortt, and William B. Morrison -- Glenohumeral instability / Steven B. Cohen -- Labral tears : superior / Michael G. Ciccotti -- Rotator cuff / Gregg J. Jarit and David R. Diduch -- Biceps tendon / James R. Romanowski and Mark W. Rodosky -- Acromioclavicular joint / Michael Shin and Geoffrey S. Baer -- Glenohumeral arthritis / Gerald R. Williams, Jr. -- Fractures/trauma / Michael R. Tracy and Charles L. Getz.
588 _aDescription based on print version record.
590 _aElectronic reproduction. Palo Alto, Calif. : ebrary, 2013. Available via World Wide Web. Access may be limited to ebrary affiliated libraries.
650 0 _aShoulder
_xExamination
_vHandbooks, manuals, etc.
650 0 _aShoulder
_xDiseases
_xDiagnosis
_vHandbooks, manuals, etc.
655 0 _aElectronic books.
700 1 _aCohen, Steven B.,
_cM.D.
776 0 8 _iPrint version:
_tMusculoskeletal examination of the shoulder : making the complex simple.
_dThorofare, NJ : SLACK Incorporated, [2011]
_hxiv, 215 pages ; 22 cm.
_kMusculoskeletal examination : making the complex simple series
_z9781556429125
_w(DNLM)101534177
_w(DLC)10801903
797 2 _aebrary.
856 4 0 _uhttp://site.ebrary.com/lib/rucke/Doc?id=10801903
_zAn electronic book accessible through the World Wide Web; click to view
999 _c144361
_d144361